| 000 | 05328cam a22019454i 4500 | ||
|---|---|---|---|
| 003 | PE-LiUPU | ||
| 005 | 20250813165454.0 | ||
| 008 | 160617s2016 sp a r 000 0 spadd | ||
| 020 | _a8490773084 | ||
| 020 | _a9788490773086 | ||
| 035 | _a(Sirsi) i9788490773086 | ||
| 040 |
_aSPSFM _bspa _cSPSFM _dBNM _dPE-LiUPU _erda |
||
| 049 | _aPRUA | ||
| 080 | _a641.1 | ||
| 082 | 0 | 4 |
_a641.1 _bG23 2016 |
| 100 | 1 |
_aGarcía Manrique, Paloma, _eautor. |
|
| 245 | 1 | 0 |
_aControl microbiológico y sensorial de los alimentos / _cPaloma García Manrique. |
| 264 | 1 |
_aMadrid : _bSíntesis, _c2016. |
|
| 300 |
_a275 páginas : _bilustraciones ; _c26 centímetros. |
||
| 336 |
_atext _2rdacontent |
||
| 337 |
_aunmediated _2rdamedia |
||
| 338 |
_avolume _2rdacarrier |
||
| 505 | 0 | _aOrganización del laboratorio microbiológico -- El laboratorio de microbiología de los alimentos -- Control de los microorganismos no deseados en el laboratorio -- El microscopio óptico -- Análisis microbiológicos de alimentos -- Técnicas de análisis microbiológico -- Análisis microbiológicos de alimentos y de agua -- Preparación de materiales e instalaciones de caja -- Sala de cata -- Pruebas de análisis sensorial -- Pruebas de análisis sensorial -- Aplicaciones del análisis sensorial -- Prácticas de laboratorio y sala de cata -- Anexo 1. Prácticas de control microbiológico de alimentos. Laboratorio de microbiología de alimentos -- Anexo 2. Prácticas de control sensorial de alimentos. Sala de cata. | |
| 526 | _aP203 | ||
| 526 | _aP200 | ||
| 526 | _aSEG65 | ||
| 526 | _aSEG64 | ||
| 526 | _aSEG63 | ||
| 526 | _aSEG62 | ||
| 526 | _aSEG61 | ||
| 526 | _aSEG60 | ||
| 526 | _aSEG59 | ||
| 526 | _aSEG58 | ||
| 526 | _aSEG57 | ||
| 526 | _aSEG56 | ||
| 526 | _aSEG55 | ||
| 526 | _aSEG54 | ||
| 526 | _aSEG53 | ||
| 526 | _aSEG52 | ||
| 526 | _aSEG51 | ||
| 526 | _aSEG50 | ||
| 526 | _aSEG49 | ||
| 526 | _aSEG48 | ||
| 526 | _aSEG47 | ||
| 526 | _aSEG46 | ||
| 526 | _aSEG24 | ||
| 526 | _aSEG23 | ||
| 526 | _aSEG22 | ||
| 526 | _aSEG21 | ||
| 526 | _aSEG20 | ||
| 526 | _aSEG19 | ||
| 526 | _aSEG18 | ||
| 526 | _aSEG17 | ||
| 526 | _aSEG16 | ||
| 526 | _aSEG14 | ||
| 526 | _aSEG13 | ||
| 526 | _aSEG12 | ||
| 526 | _aSEG11 | ||
| 526 | _aSEG10 | ||
| 526 | _aSEG09 | ||
| 526 | _aSEG06 | ||
| 526 | _aSEG05 | ||
| 526 | _aSEG04 | ||
| 526 | _aSEG03 | ||
| 526 | _aSEG02 | ||
| 526 | _aSEG68 | ||
| 526 | _aSEG66 | ||
| 526 | _aSEG45 | ||
| 526 | _aSEG25 | ||
| 526 | _aSEG01 | ||
| 526 | _aP163 | ||
| 526 | _aP162 | ||
| 526 | _aP161 | ||
| 526 | _aP160 | ||
| 526 | _aP159 | ||
| 526 | _aP158 | ||
| 526 | _aP157 | ||
| 526 | _aP156 | ||
| 526 | _aP155 | ||
| 526 | _aP154 | ||
| 526 | _aP153 | ||
| 526 | _aP152 | ||
| 526 | _aP151 | ||
| 526 | _aP150 | ||
| 526 | _aP149 | ||
| 526 | _aP142 | ||
| 526 | _aP141 | ||
| 526 | _aP140 | ||
| 526 | _aP139 | ||
| 526 | _aP138 | ||
| 526 | _aP137 | ||
| 526 | _aP132 | ||
| 526 | _aP131 | ||
| 526 | _aP130 | ||
| 526 | _aP126 | ||
| 526 | _aP125 | ||
| 526 | _aP124 | ||
| 526 | _aP123 | ||
| 526 | _aP115 | ||
| 526 | _aP122 | ||
| 526 | _aP121 | ||
| 526 | _aP116 | ||
| 526 | _a P114 | ||
| 526 | _aP112 | ||
| 526 | _aP111 | ||
| 526 | _aP104 | ||
| 526 | _aP103 | ||
| 526 | _aP102 | ||
| 526 | _aP101 | ||
| 526 | _aP100 | ||
| 526 | _aP96 | ||
| 526 | _aP95 | ||
| 526 | _aP93 | ||
| 526 | _aP92 | ||
| 526 | _aP91 | ||
| 526 | _aP88 | ||
| 526 | _aP83 | ||
| 526 | _aP82 | ||
| 526 | _aP79 | ||
| 526 | _aP78 | ||
| 526 | _aP75 | ||
| 526 | _aP74 | ||
| 526 | _aP71 | ||
| 526 | _aP69 | ||
| 526 | _a P51 | ||
| 526 | _aP49 | ||
| 526 | _aP48 | ||
| 526 | _aP47 | ||
| 526 | _aP33 | ||
| 526 | _aP31 | ||
| 526 | _a P30 | ||
| 526 | _aP29 | ||
| 526 | _aP27 | ||
| 526 | _aP26 | ||
| 526 | _aP25 | ||
| 526 | _aP24 | ||
| 526 | _a P22 | ||
| 526 | _aP10 | ||
| 526 | _aP09 | ||
| 526 | _a P08 | ||
| 526 | _aP06 | ||
| 526 | _aP05 | ||
| 526 | _aP04 | ||
| 526 | _aP01 | ||
| 526 | 8 |
_iPrograma Académico: _5PE-LiUPU |
|
| 541 | _g0020-0002806; | ||
| 541 | _g0001-42196; | ||
| 650 | 0 | 4 | _aCata. |
| 650 | 0 | 4 | _aEvaluación sensorial. |
| 650 | 0 | 4 | _aMicrobiología de alimentos. |
| 650 | 0 | 4 |
_aAlimentos _xEvaluación sensorial _2embne |
| 650 | 0 | 4 |
_aMicrobiología alimentaria _xTécnica _2embne |
| 650 | 0 | 4 | _aTasting. |
| 650 | 0 | 4 | _aSensory evaluation. |
| 650 | 0 | 4 | _aFood Sensory evaluation. |
| 650 | 0 | 4 | _aFood Microbiology |
| 910 |
_armch _btqv _cwelc _d20170802 |
||
| 910 |
_adbm _bksl _cksl _d20171025 |
||
| 942 |
_2ddc _cBOOK |
||
| 949 |
_a641.1 G23 2016 _wDEWEY _c1 _iFJ08431 _lCCODEBUJ1 _mBUJ _p44.00 _r0 _sY _tBOOK _u2017-08-02 _xINGENIERIA _PP26 _0COMPRA _o.STAFF. Colección General Juliaca |
||
| 994 |
_aC0 _bPEPRU |
||
| 596 | _a1 3 | ||
| 999 |
_a641.1 G23 2016 _wDEWEY _c24870 _iFJ08431 _f2022-1-26 _g4 _lCCODEBUJ1 _mBUJ _p44.00 _r0 _sY _tBOOK _u2017-8-2 _xINGENIERIA _PP26 _0COMPRA _o.STAFF. Colección General Juliaca _d24870 |
||
| 999 |
_a641.1 G23 2016 _wDEWEY _c1 _i76887 _d2018-9-18 _e2018-9-14 _f2021-11-4 _g4 _lCCODEBUL1 _mBUL _n1 _p45.76 _q4 _r0 _sY _tBOOK _u2017-10-25 _xSALUD _PP31 _0COMPRA |
||
| 980 |
_81 _gALBERTO SANCHEZ Responsable de Automatización |
||